Statistiques concernant Les personnages de Mario Party

Cliquez ici pour prendre le quiz!

Statistiques générales

  • Ce quiz a été pris 721 fois
    (443 depuis la dernière actualisation)
  • Le résultat moyen est 16 sur 22

Statistiques - réponses

Personnages% Correct
1Mario
100%
1Luigi
99%
1Peach
98%
10Bowser
94%
1Wario
94%
3Daisy
93%
3Waluigi
93%
5Toad
91%
1Yoshi
91%
1Donkey Kong
85%
9Koopa
76%
10Harmonie
75%
6Toadette
73%
5Bowser Jr.
72%
5Boo
71%
7Birdo
62%
7Skelerex
56%
9Maskass
52%
9Kamek
45%
8Frère Marto
26%
10Spike
25%
8Bloups
21%

Distribution des résultats

Percentile par nombre de réponses

% des personnes avec chaque résultat

Votre développement - résultats

Vous n’avez pas pris ce quiz depuis la dernière actualisation